TCP/IP Essentials: (Record no. 168695)

MARC details
000 -LEADER
fixed length control field 01047nam a2200313 a 4500
008 - FIXED-LENGTH DATA ELEMENTS--GENERAL INFORMATION
fixed length control field
020 ## - INTERNATIONAL STANDARD BOOK NUMBER
International Standard Book Number 9780521601245 (paperback)
040 ## - CATALOGING SOURCE
Original cataloging agency NUST
Transcribing agency NUST
049 ## - LOCAL HOLDINGS (OCLC)
Holding library MAIN
090 ## - LOCALLY ASSIGNED LC-TYPE CALL NUMBER (OCLC); LOCAL CALL NUMBER (RLIN)
Classification number (OCLC) (R) ; Classification number, CALL (RLIN) (NR) TK5105.585
Local cutter number (OCLC) ; Book number/undivided call number, CALL (RLIN) SHI
003 - CONTROL NUMBER IDENTIFIER
control field
005 - DATE AND TIME OF LATEST TRANSACTION
control field 20230123141146.0
100 1# - MAIN ENTRY--PERSONAL NAME
Personal name Shivendra S. Panwar.,
-- author.
245 #0 - TITLE STATEMENT
Title TCP/IP Essentials:
Remainder of title a lab-based approach /
Statement of responsibility, etc. Shhivendra S. Panwar ; Shiwen Mawo ; Jeong-dong Ryoo and Yihan Li
250 ## - EDITION STATEMENT
Edition statement First Edition.
260 ## - PUBLICATION, DISTRIBUTION, ETC.
Place of publication, distribution, etc. Cambridge :
Name of publisher, distributor, etc. Cambridge university press,
Date of publication, distribution, etc. 2004
300 ## - PHYSICAL DESCRIPTION
Extent xviii, 262 pages :
Other physical details illustrations ;
Dimensions 25cm
336 ## - CONTENT TYPE
Content type term text
Content type code txt
Source rdacontent
337 ## - MEDIA TYPE
Media type term unmediated
Media type code n2rdamedia
338 ## - CARRIER TYPE
Carrier type term volume
Carrier type code nc
Source rdacarrier
500 ## - GENERAL NOTE
General note Includes index.
504 ## - BIBLIOGRAPHY, ETC. NOTE
Bibliography, etc. note Includes biliographical references
650 #1 - SUBJECT ADDED ENTRY--TOPICAL TERM
Topical term or geographic name entry element Computer networks
700 ## - ADDED ENTRY--PERSONAL NAME
Personal name Shiwen Mawo.,
-- author.
700 ## - ADDED ENTRY--PERSONAL NAME
Personal name Yihan Li.,
-- author.
700 ## - ADDED ENTRY--PERSONAL NAME
Personal name Jeong-dong Ryoo.,
-- author.
907 ## - LOCAL DATA ELEMENT G, LDG (RLIN)
a .b10399938
b 02-09-21
c 23-03-21
942 ## - ADDED ENTRY ELEMENTS (KOHA)
Koha item type Ordinary Loan Books
Call number prefix TK5105.585
Call number suffix SHI
Holdings
Date last seen Total Checkouts Full call number Barcode Cost, replacement price Price effective from Koha item type Lost status Source of classification or shelving scheme Damaged status Not for loan Collection Withdrawn status Home library Current library Shelving location Date acquired Cost, normal purchase price
01/23/2023   TK5105.585 SHI 92004046973 80.00 01/23/2023 BOOKS   LCC     NFIC   MAIN MAIN GEN 01/23/2023 80.00